[Event "Schleswig Holstein-ch Seniors 56th"]
[Site "Eckernfoerde"]
[Date "2001.04.??"]
[Round "1"]
[White "Haecks, Karl Heinz"]
[Black "Werl, Wolfgang"]
[Result "0-1"]
[WhiteElo "1539"]
[BlackElo "1765"]
[PlyCount "84"]
[EventDate "2001.04.??"]
[EventType "swiss"]
[EventRounds "9"]
[EventCountry "GER"]
[SourceTitle "EXT 2004"]
[Source "ChessBase"]
[SourceDate "2003.11.25"]
[SourceVersion "1"]
[SourceVersionDate "2003.11.25"]
[SourceQuality "1"]

1. c4 e5 2. Nc3 Nf6 3. e3 d6 4. d4 c6 5. dxe5 dxe5 6. Qxd8+ Kxd8 7. Bd3 Be6 8. Nf3 Nbd7 9. Ng5 h6 10. Nxe6+ fxe6 11. 0-0 Be7 12. b3 Rf8 13. Bb2 g5 14. Ne4 Kc7 15. Nxf6 Bxf6 16. Be2 e4 17. Bxf6 Rxf6 18. Rad1 Rd8 19. Rd4 Nc5 20. Rxd8 Kxd8 21. Rd1+ Kc7 22. g3 e5 23. Kg2 Rd6 24. Rxd6 Kxd6 25. Kf1 a5 26. Ke1 Nd3+ 27. Bxd3 exd3 28. e4 Kc5 29. Kd2 Kd4 30. f3 g4 31. f4 exf4 32. gxf4 Kxe4 33. f5 Kxf5 34. Kxd3 c5 35. Ke3 Ke5 36. Kf2 Kf4 37. Kg2 h5 38. Kf2 h4 39. Kg2 Ke3 40. Kf1 Kd3 41. Kf2 Kc3 42. Ke3 g3 0-1